Kraje zaciemnione - Mapa świata #2 - Statystyki

Ogólne statystyki
  • Ten quiz został rozwiązany 144 razy
  • Średni wynik to 17 z 19
Odpowiedzi na mapie
Odpowiedzi zakodowano w zielono-czerwonej skali na mapie do tego quizu, zgodnie z poniższymi procentami.
 
Statystyki odpowiedzi
Kraj % Poprawnych
Rosja
98%
Chiny
97%
Irlandia
96%
Madagaskar
96%
Francja
95%
Wielka Brytania
95%
Białoruś
94%
Estonia
94%
Japonia
94%
Litwa
94%
Łotwa
94%
Finlandia
93%
Korea Południowa
93%
Indie
91%
Sri Lanka
83%
Tajwan
74%
Malediwy
70%
Mozambik
68%
Komory
61%
Nie znaleziono quizów pasujących do podanych kryteriów
Rozkład punktacji
Procent ludzi z każdym wynikiem
Percentyl według liczby udzielonych odpowiedzi
Twoja historia wyników
Nie rozwiązałeś tego quizu